Quantification of Indifference Responses from Business Surveys with Mixed Data.
Vyhodnotenie dát obchodných prehľadov, ktoré obsahujú kvantifikované plánové alebo očakávané zmeny, ale i nemenné alebo indiferentné odpovede. Konštrukcia modelu, ktorý berie do úvahy zmiešanú kvantitatívnu i kvalitatívnu informáciu o vzorke. Tento model vysvetľuje správanie firiem.
Na minha lista:
| Autor principal: | |
|---|---|
| Outros Autores: | |
| Formato: | Capítulo de Livro |
| Idioma: | inglês |
| Assuntos: | |
| Tags: |
Sem tags, seja o primeiro a adicionar uma tag!
|
MARC
| LEADER | 00000naa a2200000 4500 | ||
|---|---|---|---|
| 001 | r008839 | ||
| 005 | 20221130113031.9 | ||
| 041 | 0 | |a eng | |
| 044 | |a DE | ||
| 245 | 1 | 0 | |a Quantification of Indifference Responses from Business Surveys with Mixed Data. |c K.H. Toedter, M.C. Wewel |
| 520 | |a Vyhodnotenie dát obchodných prehľadov, ktoré obsahujú kvantifikované plánové alebo očakávané zmeny, ale i nemenné alebo indiferentné odpovede. Konštrukcia modelu, ktorý berie do úvahy zmiešanú kvantitatívnu i kvalitatívnu informáciu o vzorke. Tento model vysvetľuje správanie firiem. | ||
| 610 | 2 | 0 | |a kvantifikácia |
| 610 | 2 | 0 | |a modely |
| 610 | 2 | 0 | |a firmy |
| 610 | 2 | 0 | |a správanie |
| 610 | 2 | 0 | |a spracovanie dát |
| 610 | 2 | 0 | |a politika obchodná |
| 100 | 1 | |a Toedter, K.H. | |
| 700 | 1 | |a Wewel, M.C. | |